| 000 | 00760nam a2200277 a 4500 | ||
|---|---|---|---|
| 003 | AR-BaBNM | ||
| 005 | 20251128203251.0 | ||
| 008 | 082120s2002 ||||||||||||||000 | spa|| | ||
| 020 | _a950-07-0022-0 | ||
| 040 | _cAR-BaBNM | ||
| 100 | 1 | _aSiegrist de Gentile, Nora L. | |
| 245 | 0 | 0 | _aTres estudios argentinos |
| 260 |
_aBuenos Aires _bSudamericana _c1982 |
||
| 300 |
_a366 p. _bgráfs., tablas |
||
| 650 | 4 | _aPRESIDENCIAS ARGENTINAS | |
| 650 | 4 | _aGENERACION DE 1880 | |
| 650 | 4 | _aHISTORIA POLITICA | |
| 650 | 4 | _aHISTORIA DE LAS RELACIONES INTERNACIONALES | |
| 650 | 4 | _aECOLOGIA | |
| 650 | 4 | _aHISTORIA MILITAR | |
| 650 | 4 | _aARMAS | |
| 700 | 1 | _aGribal de Blacha, Noemí | |
| 700 | 1 | _aBrailovsky, Antonio Elío | |
| 942 | _cBK | ||
| 998 | _cmariana | ||
| 999 |
_c2633 _d2633 |
||